00793cpcaa2200241 4500001001300000003000400013005001700017008004100034010001700075040002400092072001200116100004100128245003500169300001300204506002200217520013100239545001200370546003600382580005700418610003800475656002100513999001700534mm 97006375 DLC20260227111726.0971107|||||||||||| eng  amm 97006375  aDLCcDLCdDLCedacs 7aL2lcmd1 aMcCutcheon, George Barr,d1866-1928.00aGeorge Barr McCutcheon,f1899. a1fitem.0 aOpen to research.8 aPhotocopy of letter (1899 July 5; Lafayette, Ind.) from McCutcheon to H. S. Stone & Co. regarding publication of his writings.0 aAuthor. aCollection material in English. aForms part of: Miscellaneous Manuscripts collection.20aH.S. Stone & Co.vCorrespondence. 7aAuthors.2itoamc c44423d44423